| 000 | 00456nam a2200181 4500 | ||
|---|---|---|---|
| 003 | LK-CoMWRAF | ||
| 005 | 20230908124443.0 | ||
| 008 | 230908b1980 |||||||| |||| 00| 0 eng d | ||
| 020 | _a0671254308 | ||
| 040 |
_aLK-CoMWRAF _dLK-CoMWRAF _eLK-CoMWRAF |
||
| 041 | _aeng | ||
| 082 |
_a979.4 _bMYE |
||
| 100 | _aMyerhoff, Barbara G. | ||
| 245 | _aNumber our days | ||
| 260 |
_aNew York : _bDutton, _c1980 |
||
| 650 | _aSocial life and customs | ||
| 942 | _cBK | ||
| 999 |
_c3487 _d3487 |
||